| 000 | 01499nam a2200457 a 4500 | ||
|---|---|---|---|
| 001 | 19458 | ||
| 003 | BD-RjUL | ||
| 005 | 20211209000433.0 | ||
| 008 | 140224s2008 enkb d 000 0 eng d | ||
| 020 | _a9780194316507 (hbk) | ||
| 020 | _a0194316505 (hbk) | ||
| 020 | _a9780194316064 (pbk.) | ||
| 020 | _a0194316068 (pbk.) | ||
| 020 | _a9780194316514 (hbk/CD pack) | ||
| 020 | _a0194316513 (hbk/CD pack) | ||
| 020 | _a9780194316491 (pbk/CD pack) | ||
| 020 | _a0194316491 (pbk/CD pack) | ||
| 020 | _a9780194001014 (US : cased) | ||
| 020 | _a9780194001021 (US : pbk.) | ||
| 020 | _a9780194001069 (US : pbk./CD pack) | ||
| 020 | _a0194001067 (US : pbk./CD pack) | ||
| 020 | _a0194001016 (US : cased) | ||
| 020 | _a0194001024 (US : pbk.) | ||
| 035 |
_a(BD-RjUL)19518 _a(OCoLC)812184769 |
||
| 040 |
_aBD-RjUL _beng _cBD-RjUL _dBD-RjUL |
||
| 041 | _aeng | ||
| 082 | 0 | 4 |
_a423 _bHOO 2008 |
| 100 | 1 |
_aHornby, Albert Sydney. _945046 |
|
| 245 | 1 | 0 |
_aOxford advanced learner's dictionary of current English / _cA. S. Hornby. |
| 250 | _a7th ed. | ||
| 260 |
_aOxford : _bOxford University Press, _c2008. |
||
| 300 |
_axii, 1780, R119 p. : _bill., maps ; _c22 cm. |
||
| 500 | _aPrevious ed.: 2001. | ||
| 650 | 0 |
_aEnglish language _y20th century _vDictionaries. _945047 |
|
| 700 | 1 |
_aWehmeier, Sally. _959786 |
|
| 700 | 1 |
_aMcIntosh, Colin, _d1963- _959787 |
|
| 700 | 1 |
_aTurnbull, Joanna. _945048 |
|
| 700 | 1 |
_aAshby, Michael. _945055 |
|
| 942 |
_2ddc _cBK |
||
| 999 |
_c19458 _d19458 |
||